1507 1870 1039 1731 1184 1164 1475 1269 1137 1433 1798 1532 1675 1491 1274 1228 1754 1304 1358 1821 1471 1428 1891 1822 1342 1970 1978 1714 1484 1683 1563 1540 1008 1109 1880 1910 1915 1295 1033 1834 1372 1514 1305 1002 1433 1548 1596 1311 1933 1972 1351 1162 1217 1070 1575 1627 1709 1297 1369 1804 1984 1797 1440 1184 1530 1184 1037 1145 1805 1506 1121 1327 1273 1843 1925 1444 1999 1488 1349 1811 1829 1760 1342 1120 1121 1527 1759 1071 1480 1674 1561 1312 1359 1997 1472 1588 1803 1166 1252 BCNSPRNW ULIB Ver.6.0+V

เปลี่ยนเป็นภาษาไทย

Change to English
 แสดงรายละเอียดบรรณานุกรม
  กลับหน้าหลัก

Brief Record : Get Marc (ISO 2709) : E-mail record : QR code < ปิดหน้าต่าง
LEADER : 00000nam 2200000uu 4500
001    13399114573
003     ULIB
008    120418s2548||||th 000 0 tha d
020    ^a9749346645
090    ^aนว.^bซ951จ 2548
100 0  ^asirena
245 00 ^aเจ้าหญิงตัวร้ายกับนายจอมเวท/^csirena
250    ^aพิมพ์ครั้งที่ 1
260    ^aกรุงเทพฯ :^bสีม่วงอ่อน,^c2548
300    ^a352 หน้า
710 1  ^aสีม่วงอ่อน
945    ^p239^l0^i24725
995    ^aกัณชพร
999    ^aใช้งานได้ทุกระบบ
รายการนี้ยังไม่มีแท็ก
คุณยังไม่ได้ล็อกอิน คุณสามารถมีกิจกรรมร่วมกับเว็บไซต์ได้ แต่ต้องล็อกอินก่อน ::
  ล็อกอิน

รายการสื่อสารสนเทศ

ลำดับที่ ประเภท เลขเรียก/บาร์โค้ด สถานที่ สถานะ
1. วิทยาศาสตร์การแพทย์ และสุขภาพ
วิทยาศาสตร์การแพทย์ และสุขภาพ
นว. ซ951จ 2548  
  Barcode: 24725
ห้องสมุดวิทยาเขตสวรรค์ประชารักษ์
►นวนิยาย
บนชั้น
  ขอยืม

BibComment


ยังไม่เคยถูกคอมเมนท์

คอมเมนท์ทรัพยากรรายการนี้
  คอมเมนท์: เจ้าหญิงตัวร้ายก..


 Copyright 2026. Bcnsprnw @Library